Países do Mundo com Mapa Vazio 2 - Statistics

Estatísticas Gerais
  • Esse quiz foi jogado 176 vezes
  • A pontuação média é 82 de 196
Respostas no mapa
Respostas codificadas por cores de uma escala verde-vermelha no mapa do quiz de acordo com a % correta abaixo.
 
Estatísticas das Respostas
País % Correto
Brasil
75%
Argentina
72%
Bolívia
66%
Canadá
66%
Colômbia
66%
Alemanha
65%
Chile
65%
Estados Unidos
65%
França
65%
Guiana
63%
Equador
62%
México
62%
Paraguai
62%
Suriname
62%
Uruguai
62%
Venezuela
61%
Peru
60%
Espanha
59%
Honduras
59%
Panamá
59%
Costa Rica
58%
Cuba
58%
Guatemala
58%
Portugal
58%
Rússia
58%
Jamaica
57%
Andorra
56%
Áustria
56%
Bahamas
56%
Barbados
56%
Dinamarca
56%
Itália
56%
Haiti
55%
Austrália
54%
Belize
54%
El Salvador
54%
Nicarágua
54%
Reino Unido
54%
Suécia
54%
Suíça
54%
Bélgica
53%
Finlândia
53%
Ucrânia
53%
Albânia
52%
China
52%
Luxemburgo
51%
Noruega
51%
Nova Zelândia
51%
África do Sul
49%
Húngria
49%
Irlanda
49%
Islândia
49%
Lituânia
49%
Polónia
49%
República Dominicana
49%
Arábia Saudita
48%
Croácia
48%
Índia
48%
Letónia
48%
Cazaquistão
47%
Egito
47%
Eslováquia
47%
Estónia
47%
Grécia
47%
Japão
47%
Roménia
47%
Afeganistão
46%
Angola
46%
Argélia
46%
Eslovénia
46%
Países Baixos
46%
Turquia
46%
Vaticano
46%
Arménia
45%
Coreia do Norte
45%
Marrocos
45%
Mongólia
45%
Sérvia
45%
Coreia do Sul
44%
Dominica
44%
Indonésia
44%
Santa Lúcia
44%
Azerbaijão
43%
Líbia
43%
Malta
43%
República do Congo
43%
Bulgária
42%
Catar
42%
Chade
42%
Chipre
42%
Granada
42%
Guiné
42%
Iraque
42%
Israel
42%
Kosovo
42%
Mónaco
42%
Butão
41%
Camarões
41%
Geórgia
41%
Laos
41%
Madagáscar
41%
Moçambique
41%
Moldávia
41%
Montenegro
41%
Níger
41%
Paquistão
41%
Sudão
41%
Tailândia
41%
Emirados Árabes Unidos
40%
Gana
40%
Lesoto
40%
Mali
40%
Nigéria
40%
San Marino
40%
Antígua e Barbuda
39%
Bielorrússia
39%
Brunei
39%
Etiópia
39%
Guiné-Bissau
39%
Guiné-Equatorial
39%
Líbano
39%
Sudão do Sul
39%
Camboja
38%
Namíbia
38%
Nepal
38%
Omã
38%
Costa do Marfim
37%
Iémen
37%
Macedónia do Norte
37%
Papua Nova Guiné
37%
República Centro-Africana
37%
Cabo Verde
35%
Comores
35%
Gabão
35%
Gâmbia
35%
Jordânia
35%
Kiribati
35%
Mauritânia
35%
Palau
35%
Quénia
35%
Síria
35%
Somália
35%
Zâmbia
35%
Eritreia
34%
Ilhas Marshall
34%
Ilhas Salomão
34%
Libéria
34%
Liechtenstein
34%
Malásia
34%
Taiwan
34%
Tanzânia
34%
Trinidad e Tobago
34%
Uganda
34%
Zimbabué
34%
Maurício
33%
Nauru
33%
Samoa
33%
Singapura
33%
Tonga
33%
Tunísia
33%
Botswana
32%
Burundi
32%
Filipinas
32%
Maldivas
32%
Ruanda
32%
Togo
32%
Vanuatu
32%
Essuatíni
31%
Fiji
31%
Senegal
31%
Serra Leoa
31%
Turcomenistão
31%
Irão
30%
Malawi
30%
Tajiquistão
30%
Tuvalu
30%
Benim
29%
Birmânia
29%
Timor-Leste
29%
São Cristóvão e Nevis
28%
República Democrática do Congo
27%
São Tomé e Príncipe
27%
São Vicente e Granadinas
27%
Seychelles
26%
Djibuti
23%
Bósnia-Herzegovina
22%
Usbequistão
19%
Barein
18%
Estados Federados da Micronésia
18%
Chéquia
15%
Vietname
14%
Burquina Fasso
8%
Bangladexe
5%
Quirguizistão
3%
Koweit
2%
Seri Lanca
1%
Nenhum quiz correspondente encontrado
Distribuição das Pontuações
Porcentagem de Pessoas com Cada Pontuação
Percentil de Números Respondidos
Sua Pontuação Histórica
Você não jogou esse quiz